Jsem člověk, anebo jsem stroj?

Bibliographic Details
Main Author: Horáková, Jana, 1971- (Author)
Format: Article
Language:Slovak
Czech
Subjects:

MARC

LEADER 00000nab a2200000 a 4500
001 vtls008877257
003 SK-MaSNL
005 20260304212542.0
008 250505c2006 xo mr|p|||||||000 b|slo
015 |a SNBRB2006/11  |2 snkbucl 
035 |a (uuid)74b46741-747e-493e-8ca6-bdcbb84b04af 
035 |a urn:nbn:sk:snk-abf4ux 
035 |a (urnnbn)urn:nbn:sk:snk:ar-a09nrn 
038 |a SNKBUCL 
040 |a SNKBUCL  |b slo  |c SNKBUCL  |e AACR2 
041 0 |a cze 
044 |a xo  |c SK 
080 |a 007.52  |2 1997 
080 |a 004.8  |2 1997 
080 |a 82.033:821.162.3-2  |2 1997 
080 |a 821.162.3-2.033  |2 1997 
080 |a 519.7  |2 1997 
100 1 |a Horáková, Jana,  |d 1971-  |4 aut  |9 112690 
245 1 0 |a Jsem člověk, anebo jsem stroj?  |c Jana Horáková 
300 |b Fotogr. 
504 |a Bibliogr. odkazy 
600 1 7 |a Čapek, Karel,  |d 1890-1938  |t R.U.R  |2 snkbucl  |9 119972 
650 0 7 |a človek  |2 SNKPH  |9 16150 
650 0 7 |a roboty  |2 SNKPH  |9 28629 
650 0 7 |a kyborg  |2 SNK  |9 1391473 
773 0 |t Kritika & Kontext  |g Roč. XI, č. 32 (2006), s. 71-80  |x 1335-1710 
850 |a Slovenská národná knižnica 
852 |a Slovenská národná knižnica 
954 |a odborná, vedecká literatúra cudzojazyčná (svetová)  |2 lita 
958 |a article2022 
958 |a NB 
958 |a LX 
958 |a CZ 
958 |a OND 
958 |a EUIPO 
999 |c 3131921  |d 3133851